Statistics for Rick and Morty Character Picture Quiz

Click here to take the quiz!

General Stats

  • This quiz has been taken 1,204 times
  • The average score is 14 of 24

Answer Stats

Answer% Correct
Morty Smith
100%
Rick Sanchez
100%
Jerry Smith
90%
Summer Smith
90%
Beth Smith
89%
Evil Morty
78%
Birdperson
74%
Mr. Poopybutthole
72%
Mr. Meeseeks
70%
Space Beth
65%
Snuffles
60%
Squanchy
60%
Principal Vagina
58%
Gearhead
55%
Scary Terry
48%
Unity
47%
Abradolf Lincoler
45%
Pencilvester
39%
Mr. Goldenfold
33%
Dr. Wong
32%
Planetina
32%
Rick Prime
32%
Noob-Noob
30%
Diane Sanchez
24%

Score Distribution

Percentile by Number Answered

Percent of People with Each Score

Your Score History

You have not taken this quiz